| 000 | 02384nam0a2200433 4500 | ||
|---|---|---|---|
| 001 | RU\NLR\BIBL_A\012297355 | ||
| 005 | 20260406200446.0 | ||
| 020 |
_aRU _9Сводный каталог листовок первых лет Советской власти (25 октября (7 ноября) 1917 - 1925) |
||
| 035 | _a(NLR Aleph) 012297355 | ||
| 090 |
_a11303052 _c11303052 |
||
| 100 | _a20200721d1917 |||y0rusy50 ca | ||
| 101 | 0 | _arus | |
| 102 | _aRU | ||
| 105 | _ay z 000zy | ||
| 135 | _acrgn 008apada | ||
| 181 | 0 |
_ai _baxxe |
|
| 182 | 0 | _an | |
| 200 | 1 |
_aК бастующим сотрудникам Земсоюза! "Граждане. Общее собрание рабочих, солдат и части служащих г. Минска..." _e[листовка] |
|
| 203 |
_aТекст _bвизуальный _cнепосредственный |
||
| 210 |
_a[Минск _cб. и. _d1917, ноябрь] |
||
| 215 |
_a1 с. _d18х15 |
||
| 300 | _aПодпись: Комитет объединенных работников | ||
| 316 |
_aНа экз. ГПБ рукописная пометка: Вывешено на дверях Комитета Зап. Фр. ВЗС на Преображенской ул. 31 (Минск в воскрес. 19-го ноября 1917 г.) _5NLR |
||
| 325 | 1 | _aКопия доступна в Электронной библиотеке РНБ | |
| 517 | 1 | _aГраждане. Общее собрание рабочих, солдат и части служащих г. Минска... | |
| 607 |
_aРСФСР _jЛистовки _xПолитика и управление _y1917 - 1925 _92312782 _3RU\NLR\auth\6601609564 |
||
| 686 | 0 | _aТ3(2)71-313,011 | |
| 686 | 0 | _aТ3(2Б)711,011 | |
| 710 | 0 | 2 |
_aВсероссийский земский союз _3RU\NLR\AUTH\889959950 _9416134 |
| 711 | 0 | 2 |
_aВсероссийский земский союз _bКомитет объединенных работников _9710425 _3RU\NLR\AUTH\880524414 |
| 852 | 0 | 0 |
_aNLR _bФЛ _j25/184 |
| 942 | _cBOOK | ||
| 980 | _aNB | ||
| 981 | 2 | 1 |
_a(21) Листовки _b(21) Листовки 1917 года |